[Event "It \"]
[Site "masterchessopen.com Brighton (England)"]
[Date "2011.02.24"]
[Round "2"]
[White "Gormally Daniel (ENG)"]
[Black "Therrien Alex L (ENG)"]
[Result "1-0"]
[WhiteElo "2520"]
[BlackElo "2239"]

1.d4 Nf6 2.c4 e6 3.Nf3 Bb4+ 4.Nbd2 d6 5.e3 Nbd7 6.Bd3 e5 7.O-O Qe7 8.a3 Bxd2
9.Nxd2 e4 10.Bc2 d5 11.cxd5 Nb6 12.f3 exf3 13.Qxf3 Nfxd5 14.e4 Nf6 15.Nb3 Nfd7
16.Qg3 {#r} 1-0

[Event "It (open) (blitz)"]
[Site "masterchessopen.com Nancy (France)"]
[Date "2011.03.12"]
[Round "0"]
[White "Feller Sebastien (FRA)"]
[Black "Naiditsch Arkadij (GER)"]
[Result "0-1"]
[WhiteElo "2668"]
[BlackElo "2707"]

1.d4 Nf6 2.c4 e6 3.Nf3 Bb4+ 4.Nbd2 O-O 5.a3 Be7 6.e3 c5 7.Bd3 b6 8.b4 a5 9.b5
Bb7 10.a4 d5 11.O-O Nbd7 12.Bb2 Rc8 13.Rc1 {#R} 0-1

[Event "It (open)"]
[Site "masterchessopen.com Philadelphia (USA)"]
[Date "2011.04.20"]
[Round "1"]
[White "Ludwig Daniel (USA)"]
[Black "Karklins Andrew (USA)"]
[Result "1-0"]
[WhiteElo "2456"]
[BlackElo "2205"]

1.d4 Nf6 2.c4 e6 3.Nf3 Bb4+ 4.Bd2 c5 5.Bxb4 cxb4 6.g3 O-O 7.Bg2 d6 8.O-O Nbd7
9.Nbd2 Rb8 10.Qa4 a5 11.a3 Qb6 12.axb4 axb4 13.Rfc1 e5 14.e3 Ne8 15.Qa5 Qxa5
16.Rxa5 exd4 17.exd4 Nc7 18.Ne4 d5 19.cxd5 Na6 20.Ne5 Nb6 21.Rb5 Na4 22.Ra1
Nc7 23.Rxb4 {#r} 1-0

[Event "Ch Germany (juniors) (Internet) (under 18) (qual2)"]
[Site "masterchessopen.com Internet"]
[Date "2011.05.04"]
[Round "5"]
[White "Hahn Markus (GER)"]
[Black "Schloemer Armin"]
[Result "1-0"]
[WhiteElo "2167"]
[BlackElo "1610"]

1.d4 Nf6 2.Nf3 e6 3.c4 Bb4+ 4.Bd2 Qe7 5.g3 c5 6.Bxb4 cxb4 7.Bg2 Nc6 8.O-O d5
9.Nbd2 b6 10.Qa4 Bd7 11.Qc2 O-O 12.e4 dxe4 13.Nxe4 Bc8 14.Nfg5 Bb7 15.Nxf6+
Qxf6 16.Qxh7# 1-0

[Event "It (open) \"]
[Site "masterchessopen.com Ostrava (Czech Republic)"]
[Date "2011.05.04"]
[Round "5"]
[White "Dobes Ludek (CZE)"]
[Black "Mitscherling Andreas (GER)"]
[Result "0-1"]
[WhiteElo "2069"]
[BlackElo "2224"]

1.d4 Nf6 2.Nf3 e6 3.c4 Bb4+ 4.Bd2 Qe7 5.Nc3 b6 6.g3 Bb7 7.Bg2 d5 8.O-O O-O
9.Bf4 c6 10.a3 Bd6 11.Bxd6 Qxd6 12.b4 Nbd7 13.Qd2 Ne4 14.Qb2 f5 15.e3 Ba6
16.Rfe1 Bxc4 17.Nd2 b5 18.f3 Nxd2 19.Qxd2 a5 {#R} 0-1

[Event "Ch Germany (juniors) (Internet) (under 18) (qual4)"]
[Site "masterchessopen.com Internet"]
[Date "2011.05.11"]
[Round "2"]
[White "Zuferi Enis (GER)"]
[Black "Hahn Markus (GER)"]
[Result "0-1"]
[WhiteElo "2015"]
[BlackElo "2167"]

1.d4 Nf6 2.c4 e6 3.Nf3 Bb4+ 4.Bd2 Qe7 5.g3 Nc6 6.Bg2 Bxd2+ 7.Nbxd2 O-O 8.O-O
d6 9.e4 e5 10.d5 Nb8 11.Ne1 a5 12.Nd3 Bg4 13.Qb3 Na6 14.f3 Bd7 15.f4 exf4
16.Rxf4 Ng4 17.Nf2 Nc5 18.Qc2 Ne5 19.Rf1 f6 20.h4 Be8 21.Ng4 Bg6 22.R4f2 Nxg4
{#R} 0-1

[Event "Zt"]
[Site "masterchessopen.com Tagaytay City (Philippines)"]
[Date "2011.05.27"]
[Round "6"]
[White "Dao Thien Hai (VIE)"]
[Black "Nguyen Van Huy (VIE)"]
[Result "1-0"]
[WhiteElo "2493"]
[BlackElo "2449"]

1.d4 Nf6 2.c4 e6 3.Nf3 Bb4+ 4.Bd2 Qe7 5.g3 Nc6 6.Nc3 d5 7.a3 Bxc3 8.Bxc3 dxc4
9.Qa4 Bd7 10.Qxc4 b5 11.Qb3 Ne4 12.Bg2 Rb8 13.Ne5 Nxe5 14.Bxe4 Nc4 15.O-O Qg5
16.Qc2 Nd6 17.Bg2 Rc8 18.Bb4 O-O 19.Qc5 h6 20.Qxa7 Rfd8 21.Rac1 Ne8 22.Ba5 b4
23.Bxb4 {#r} 1-0

[Event "It (open) \"]
[Site "masterchessopen.com Bratislava (Slovakia)"]
[Date "2011.06.12"]
[Round "7"]
[White "Certek Pavel (SVK)"]
[Black "Kukel Imre (SVK)"]
[Result "1-0"]
[WhiteElo "2297"]
[BlackElo "1992"]

1.d4 Nf6 2.c4 e6 3.Nf3 Bb4+ 4.Nbd2 b6 5.a3 Bxd2+ 6.Bxd2 O-O 7.Bf4 d5 8.e3 Bb7
9.Rc1 c6 10.Bd3 Nbd7 11.O-O Re8 12.h3 Nf8 13.b4 Ng6 14.Bh2 Rc8 15.c5 b5 16.a4
a6 17.Bd6 Ne4 18.Bxe4 dxe4 19.Nd2 Qh4 20.Bg3 Qd8 21.Nxe4 {#r} 1-0

[Event "Ch Germany (juniors) (under 14)"]
[Site "masterchessopen.com Oberhof (Germany)"]
[Date "2011.06.15"]
[Round "6"]
[White "Mueller Constantin (GER)"]
[Black "Bonk Andras (GER)"]
[Result "1-0"]
[WhiteElo "1863"]
[BlackElo "1935"]

1.d4 Nf6 2.Nf3 e6 3.c4 Bb4+ 4.Bd2 a5 5.a3 Bxd2+ 6.Nbxd2 a4 7.e4 d6 8.Bd3 c5
9.Bc2 Bd7 10.e5 dxe5 11.dxe5 Ng4 12.Qe2 Nc6 13.O-O O-O 14.Bxh7+ Kxh7 15.Qe4+
Kg8 16.Qxg4 Qc7 17.Qh5 f6 18.exf6 gxf6 19.Qg6+ Kh8 20.Qh6+ Kg8 21.Ne4 Qd8
22.Rad1 Nb8 23.Rd3 {#r} 1-0

[Event "It (open)"]
[Site "masterchessopen.com Creon (France)"]
[Date "2011.08.05"]
[Round "7"]
[White "Macon Arthur (FRA)"]
[Black "Fondain Georges (FRA)"]
[Result "1-0"]
[WhiteElo "2092"]
[BlackElo "1895"]

1.d4 Nf6 2.c4 e6 3.Nf3 Bb4+ 4.Bd2 Qe7 5.g3 O-O 6.Bg2 Bxd2+ 7.Qxd2 d6 8.O-O e5
9.Nc3 c6 10.e4 Bg4 11.Ne1 Na6 12.Nc2 Qd7 13.Ne3 g6 14.f4 exd4 15.Qxd4 Ne8
16.f5 gxf5 17.exf5 {#r} 1-0

[Event "It (open)"]
[Site "masterchessopen.com Split (Croatia)"]
[Date "2011.08.10"]
[Round "6"]
[White "Dragomirescu Calin (ROM)"]
[Black "Bilobrk Franjo (CRO)"]
[Result "0-1"]
[WhiteElo "2213"]
[BlackElo "2377"]

1.d4 Nf6 2.Nf3 e6 3.c4 Bb4+ 4.Nbd2 O-O 5.g3 d5 6.Bg2 dxc4 7.O-O b5 8.a4 c6
9.Ne5 Nd5 10.e4 Nb6 11.Ndf3 f6 12.a5 N6d7 13.Nxd7 Bxd7 14.e5 Na6 15.exf6 gxf6
16.Bh6 Rf7 17.Nh4 Bf8 18.Bxf8 Qxf8 19.Re1 Qd6 20.Re4 Raf8 21.Bh3 Rg7 22.Qe2 f5
23.Rf4 {#R} 0-1

[Event "It (open)"]
[Site "masterchessopen.com Trieste (Italy)"]
[Date "2011.09.08"]
[Round "7"]
[White "Kragelj Igor (SLO)"]
[Black "Fruehauf Norbert (AUT)"]
[Result "1-0"]
[WhiteElo "2219"]
[BlackElo "2078"]

1.d4 Nf6 2.c4 e6 3.Nf3 Bb4+ 4.Bd2 Qe7 5.g3 Nc6 6.Nc3 Bxc3 7.Bxc3 Ne4 8.Rc1 O-O
9.Bg2 Nxc3 10.Rxc3 d6 11.d5 Nb8 12.dxe6 fxe6 13.Nd4 Nd7 14.Nxe6 Rxf2 15.Kxf2
Ne5 16.Nf4 Ng4+ 17.Kg1 c6 18.h3 Ne5 19.Kh2 g5 20.Nd3 Ng6 21.Rf1 h5 22.Qd2 Bd7
23.Nf2 h4 24.Ne4 {#r} 1-0

[Event "It (open) \"]
[Site "masterchessopen.com Barcelona (Spain)"]
[Date "2011.09.30"]
[Round "1"]
[White "Colom Andres Xavier (ESP)"]
[Black "Rosich Valles Alfredo (ESP)"]
[Result "0-1"]
[WhiteElo "1903"]
[BlackElo "2365"]

1.d4 Nf6 2.c4 e6 3.Nf3 Bb4+ 4.Nbd2 O-O 5.a3 Bxd2+ 6.Bxd2 Ne4 7.e3 b6 8.g3 Bb7
9.Bg2 d6 10.O-O Nd7 11.Qc2 f5 12.Rad1 Qf6 13.Bc1 Rae8 14.b4 Qh6 15.Bb2 Ndf6
16.h3 Qh5 17.Nd2 Nxd2 18.Qxd2 Bxg2 19.Kxg2 Ne4 20.Qd3 Ng5 21.Rh1 Qf3+ 22.Kg1
Ne4 23.Rh2 Rf6 24.Re1 Nxg3 {#R} 0-1

[Event "Ch Romania (team) (Divizion A)"]
[Site "masterchessopen.com Slanic Moldova (Romania)"]
[Date "2011.10.07"]
[Round "7"]
[White "Andronescu Madalin (ROM)"]
[Black "Geanta Horia (ROM)"]
[Result "1-0"]
[WhiteElo "2117"]
[BlackElo "2308"]

1.d4 Nf6 2.c4 e6 3.Nf3 Bb4+ 4.Bd2 c5 5.Bxb4 cxb4 6.Nbd2 O-O 7.e4 d6 8.Bd3 Re8
9.Qc2 e5 10.O-O a5 11.c5 dxc5 12.dxe5 Ng4 13.Bb5 Bd7 14.Qxc5 Qe7 15.Qxe7 Rxe7
16.Bc4 Nxe5 17.Nxe5 Rxe5 18.Bd5 Bc6 19.Nc4 Re8 20.Rac1 Bxd5 21.Nb6 Nc6 22.exd5
Ra6 23.dxc6 Rxb6 24.c7 {#r} 1-0

[Event "Memorial M.Chigorin (open)"]
[Site "masterchessopen.com St. Petersburg (Russia)"]
[Date "2011.10.14"]
[Round "1"]
[White "Rychagov Andrey (RUS)"]
[Black "Palchun Grigory (RUS)"]
[Result "1-0"]
[WhiteElo "2556"]
[BlackElo "2194"]

1.d4 Nf6 2.c4 e6 3.Nf3 Bb4+ 4.Nbd2 O-O 5.a3 Be7 6.e3 b6 7.Bd3 Bb7 8.e4 d5
9.cxd5 exd5 10.e5 Nfd7 11.h4 Re8 12.Bxh7+ Kxh7 13.Ng5+ Bxg5 14.hxg5+ Kg8
15.Qh5 Kf8 16.g6 Re6 17.Nf3 Nf6 18.Qf5 Qd7 19.Rh8+ Ke7 20.Bg5 Nc6 21.Rxa8
Rxe5+ 22.dxe5 Qxf5 23.exf6+ gxf6 24.g7 {#r} 1-0

[Event "It (open)"]
[Site "masterchessopen.com Le Touquet (France)"]
[Date "2011.10.24"]
[Round "4"]
[White "Gosset Arnaud (FRA)"]
[Black "Martin Axel (FRA)"]
[Result "1-0"]
[WhiteElo "2220"]
[BlackElo "2023"]

1.d4 Nf6 2.c4 e6 3.Nf3 Bb4+ 4.Bd2 Qe7 5.g3 Nc6 6.Bg2 Bxd2+ 7.Nbxd2 d6 8.O-O a5
9.e4 e5 10.d5 Nb8 11.Qc2 Na6 12.Qa4+ Bd7 13.Qxa5 O-O 14.Qc3 c6 15.dxc6 Bxc6
16.Nh4 g6 17.b4 b5 18.a4 bxc4 19.b5 Nc5 20.bxc6 Nxa4 21.Qxc4 {#r} 1-0

[Event "It \"]
[Site "masterchessopen.com Bastia (France)"]
[Date "2011.10.26"]
[Round "7"]
[White "Tregubov Pavel V (RUS)"]
[Black "Rabineau Clement (FRA)"]
[Result "1-0"]
[WhiteElo "2602"]
[BlackElo "2285"]

1.d4 Nf6 2.c4 e6 3.Nf3 Bb4+ 4.Bd2 Qe7 5.g3 Bxd2+ 6.Qxd2 d6 7.Nc3 O-O 8.Bg2 c6
9.O-O e5 10.e4 Nh5 11.h3 h6 12.c5 Nd7 13.cxd6 Qxd6 14.Rad1 exd4 15.Nxd4 Qc5
16.Kh2 Nb6 17.Qe2 Nf6 18.e5 Re8 19.f4 Nbd5 20.Nxd5 Nxd5 21.f5 Nb6 22.e6 {#r}
1-0

[Event "It \"]
[Site "masterchessopen.com Rijeka (Croatia)"]
[Date "2011.11.15"]
[Round "5"]
[White "Kozul Zdenko (CRO)"]
[Black "Tratar Marko (SLO)"]
[Result "1-0"]
[WhiteElo "2577"]
[BlackElo "2495"]

1.d4 Nf6 2.c4 e6 3.Nf3 Bb4+ 4.Bd2 Bxd2+ 5.Qxd2 d5 6.Nc3 O-O 7.e3 Qe7 8.cxd5
exd5 9.Bd3 c6 10.Qc2 Bg4 11.Ne5 Bh5 12.f4 Bg6 13.f5 Bh5 14.Qf2 g6 15.O-O Nbd7
16.Nxd7 Nxd7 17.e4 dxe4 18.Nxe4 Nf6 19.Qh4 {#r} 1-0

[Event "It (open) (active) (Handicap)"]
[Site "masterchessopen.com Puhajarve (Estonia)"]
[Date "2011.11.25"]
[Round "18"]
[White "Nyback Tomi (FIN)"]
[Black "Schuls Olev (EST)"]
[Result "1-0"]
[WhiteElo "2631"]
[BlackElo "2224"]

1.d4 Nf6 2.c4 e6 3.Nf3 Bb4+ 4.Nbd2 O-O 5.a3 Be7 6.e3 b6 7.Bd3 Bb7 8.O-O d6
9.e4 c5 10.d5 exd5 11.exd5 Re8 12.b3 Nbd7 13.Bb2 Nf8 14.Re1 Ng6 15.Qc2 Bc8
16.h3 a6 17.Re3 Bd7 18.Rae1 Bf8 19.Ne4 Nxe4 20.Bxe4 b5 21.h4 Nxh4 22.Bxh7+ Kh8
23.Nxh4 Qxh4 24.Bf5 Qd8 {#r} 1-0

[Event "It (open)"]
[Site "masterchessopen.com Zuerich (Switzerland)"]
[Date "2011.12.27"]
[Round "2"]
[White "Bartel Mateusz (POL)"]
[Black "Milosevic Goran (SUI)"]
[Result "1-0"]
[WhiteElo "2653"]
[BlackElo "2340"]

1.d4 Nf6 2.c4 e6 3.Nf3 Bb4+ 4.Nbd2 O-O 5.a3 Bxd2+ 6.Bxd2 Ne4 7.Qc2 Nxd2 8.Qxd2
d6 9.g3 a5 10.Bg2 Nc6 11.d5 exd5 12.cxd5 Nb8 13.Rc1 b6 14.Nd4 Bd7 15.O-O a4
16.e4 Na6 17.f4 Re8 18.Rce1 f6 19.Qc3 Nc5 20.e5 dxe5 21.fxe5 Rxe5 22.Rxe5 fxe5
23.Ne6 Ra5 24.Nxd8 {#r} 1-0

[Event "Steirische Liga 2011/12"]
[Site "masterchessopen.com Austria"]
[Date "2012.01.21"]
[Round "7"]
[White "Schein Karl-Heinz (AUT)"]
[Black "Wegerer Fred (AUT)"]
[Result "0-1"]
[WhiteElo "2206"]
[BlackElo "2159"]

1.d4 Nf6 2.c4 e6 3.Nf3 Bb4+ 4.Nbd2 O-O 5.a3 Be7 6.e4 d5 7.e5 Nfd7 8.c5 f6
9.exf6 Bxf6 10.Bd3 Nc6 11.Nb3 e5 12.dxe5 Ndxe5 13.Nxe5 Nxe5 14.O-O Nxd3
15.Qxd3 c6 16.Nd4 Be5 17.f4 Bf6 18.Bd2 Qc7 19.b4 Qf7 20.Rae1 Qg6 21.Qxg6 Bxd4+
{#R} 0-1

[Event "It (cat.1) (b)"]
[Site "masterchessopen.com Marianske Lazne (Czech Republic)"]
[Date "2012.01.24"]
[Round "5"]
[White "Plat Vojtech (CZE)"]
[Black "Macicek Jakub (CZE)"]
[Result "1-0"]
[WhiteElo "2425"]
[BlackElo "2159"]

1.Nf3 Nf6 2.c4 e6 3.d4 Bb4+ 4.Bd2 Qe7 5.a3 Bxd2+ 6.Nbxd2 d6 7.e3 O-O 8.Qc2 e5
9.O-O-O e4 10.Ng5 Re8 11.h4 c5 12.dxc5 dxc5 13.Ndxe4 Nxe4 14.Qxe4 Qxe4 15.Nxe4
b6 16.Nd6 Rf8 17.Be2 Bd7 18.Nb5 a6 19.Nc3 Bc6 20.f3 Ra7 21.Rd6 Rc7 22.Rhd1 Nd7
23.Rxc6 {#r} 1-0

[Event "It (open) (w)"]
[Site "masterchessopen.com Moscow (Russia)"]
[Date "2012.02.02"]
[Round "6"]
[White "Cheremnova Tamara (RUS)"]
[Black "Zhai Mo (CHN)"]
[Result "0-1"]
[WhiteElo "2260"]
[BlackElo "2191"]

1.d4 Nf6 2.c4 e6 3.Nf3 Bb4+ 4.Nbd2 d5 5.Qa4+ Nc6 6.a3 Be7 7.Ne5 Bd7 8.Nxd7
Qxd7 9.e3 O-O 10.Nf3 Nxd4 11.Qd1 Nxf3+ 12.Qxf3 Qa4 13.Bd2 Qb3 14.cxd5 Qxb2
15.Rb1 Qxa3 16.dxe6 Rad8 17.Rd1 Bb4 18.Qe2 Ne4 {#R} 0-1

[Event "Ch Lithuania (team)"]
[Site "masterchessopen.com Lithuania"]
[Date "2012.02.11"]
[Round "4"]
[White "Bieliauskas Marius (LTU)"]
[Black "Macionis Andrius (LTU)"]
[Result "1-0"]
[WhiteElo "2143"]
[BlackElo "2333"]

1.d4 Nf6 2.c4 e6 3.Nf3 Bb4+ 4.Bd2 c5 5.Bxb4 cxb4 6.g3 O-O 7.Bg2 d6 8.O-O Nbd7
9.a3 bxa3 10.Nxa3 Qe7 11.Nc2 e5 12.Ne3 g6 13.b4 e4 14.Nd2 b6 15.Qb1 Bb7 16.Nb3
Rfe8 17.Rd1 d5 18.c5 Bc6 19.Ra2 a5 20.bxa5 bxc5 21.Nxc5 Nxc5 22.dxc5 Qxc5
23.Rc1 Qb5 24.Rb2 {#r} 1-0

[Event "It (open)"]
[Site "masterchessopen.com Cappelle la Grande (France)"]
[Date "2012.03.04"]
[Round "2"]
[White "Vorobiov Evgeny E (RUS)"]
[Black "De Verdier Michael (SWE)"]
[Result "1-0"]
[WhiteElo "2589"]
[BlackElo "2366"]

1.d4 Nf6 2.c4 e6 3.Nf3 Bb4+ 4.Nbd2 O-O 5.a3 Be7 6.e3 d5 7.Qc2 b6 8.b4 c5
9.cxd5 exd5 10.bxc5 bxc5 11.dxc5 Qa5 12.Bb2 Ne4 13.Bd3 Ba6 14.O-O Nxc5
15.Bxh7+ Kh8 16.Qf5 Bd3 17.e4 Nxe4 18.Qh5 Ng3 19.Qg4 Bg6 20.Bxg6 Ne2+ 21.Kh1
fxg6 22.Qh3+ Kg8 23.Qe6+ {#r} 1-0

[Event "Cup Khazar (open)"]
[Site "masterchessopen.com Rasht (Iran)"]
[Date "2012.03.04"]
[Round "7"]
[White "Feyli Sina (IRI)"]
[Black "Golizadeh Asghar (IRI)"]
[Result "0-1"]
[WhiteElo "2169"]
[BlackElo "2464"]

1.d4 Nf6 2.c4 e6 3.Nf3 Bb4+ 4.Bd2 Qe7 5.g3 Nc6 6.Nc3 Bxc3 7.Bxc3 Ne4 8.Qc2
Nxc3 9.Qxc3 O-O 10.Bg2 d6 11.d5 Nb8 12.dxe6 fxe6 13.c5 e5 14.O-O Nc6 15.cxd6
cxd6 16.b4 a6 17.a4 a5 18.b5 Nb4 19.Rac1 Be6 20.Rfd1 Rfd8 21.Qe3 h6 22.Nh4
{#R} 0-1

[Event "Tournament (open)"]
[Site "masterchessopen.com Santa Eugenia (Spain)"]
[Date "2012.03.09"]
[Round "9"]
[White "Carraminana Puig Jordi (ESP)"]
[Black "Bonell Gleich Xavier"]
[Result "1-0"]
[WhiteElo "1786"]
[BlackElo "1621"]

1.d4 Nf6 2.c4 e6 3.Nf3 Bb4+ 4.Bd2 Qe7 5.Nc3 c5 6.Qc2 cxd4 7.Nxd4 Nc6 8.Ndb5 d6
9.a3 Bc5 10.Ne4 Nxe4 11.Qxe4 a6 12.Nc3 Qf6 13.e3 Qe5 14.Qc2 d5 15.cxd5 exd5
16.Be2 d4 17.Ne4 Bf5 18.Qxc5 Bxe4 19.Qxe5+ Nxe5 20.f3 dxe3 21.Bxe3 Bd3 22.Bd4
Bxe2 23.Bxe5 Bb5 {#r} 1-0

[Event "Ch Iraq"]
[Site "masterchessopen.com Sulaimaniyah (Iraq)"]
[Date "2012.03.19"]
[Round "4"]
[White "Ismael Namir Mohammed Ismae"]
[Black "Abaeji Sinan Younus Abdulra"]
[Result "1-0"]
[WhiteElo "2165"]
[BlackElo "2240"]

1.d4 Nf6 2.c4 e6 3.Nf3 Bb4+ 4.Nbd2 d5 5.g3 O-O 6.Qc2 Nbd7 7.Bg2 c5 8.cxd5 exd5
9.O-O Re8 10.e3 cxd4 11.Nxd4 Ne5 12.N2f3 Nxf3+ 13.Nxf3 Bg4 14.Bd2 Rc8 15.Qd3
Bxf3 16.Bxf3 Qa5 17.Rfd1 Rc7 18.a3 Bxd2 19.Qxd2 Qb6 {#r} 1-0

[Event "It (open)"]
[Site "masterchessopen.com Bournemouth (England)"]
[Date "2012.04.22"]
[Round "4"]
[White "Grigoryan Meri (ENG)"]
[Black "Ponter Ian P (ENG)"]
[Result "0-1"]
[WhiteElo "2020"]
[BlackElo "2019"]

1.d4 Nf6 2.c4 e6 3.Nf3 Bb4+ 4.Bd2 Qe7 5.a3 Bxd2+ 6.Nbxd2 d6 7.e4 e5 8.d5 O-O
9.b4 a5 10.h3 Na6 11.Bd3 Bd7 12.Qb1 axb4 13.axb4 Nxb4 14.O-O Rxa1 15.Qxa1 Nxd3
16.Qa7 Nc5 17.Rb1 Qe8 {#R} 0-1

[Event "Ch England (team) 2011/12 (3 div)"]
[Site "masterchessopen.com England"]
[Date "2012.05.07"]
[Round "9"]
[White "Reid John (ENG)"]
[Black "Punnett Alan Kenneth (ENG)"]
[Result "1-0"]
[WhiteElo "2013"]
[BlackElo "2027"]

1.d4 Nf6 2.c4 e6 3.Nf3 Bb4+ 4.Nbd2 O-O 5.a3 Be7 6.e4 d5 7.e5 Ne4 8.Qc2 Ng5
9.Nxg5 Bxg5 10.Bd3 h6 11.h4 Be7 12.Nf3 dxc4 13.Bxc4 c5 14.dxc5 Bxc5 15.Ba2 Qb6
16.Bb1 g6 17.h5 Rd8 18.hxg6 Bxf2+ 19.Ke2 Nc6 20.gxf7+ Kf8 21.Bxh6+ Ke7 22.Bg5+
Kd7 23.Rd1+ Nd4+ 24.Kxf2 {#r} 1-0

[Event "It (open)"]
[Site "masterchessopen.com Philadelphia (USA)"]
[Date "2012.06.30"]
[Round "4"]
[White "Santana Mauricio (CHI)"]
[Black "Lopez Jorge (FRA)"]
[Result "1-0"]
[WhiteElo "2130"]
[BlackElo "2285"]

1.d4 Nf6 2.c4 e6 3.Nf3 Bb4+ 4.Bd2 Qe7 5.g3 O-O 6.Bg2 d5 7.O-O Ne4 8.Bc1 Rd8
9.a3 Ba5 10.b4 dxc4 11.bxa5 c5 12.Qc2 f5 13.Qxc4 Nc6 14.dxc5 Nxa5 15.Qc2 Rd5
16.Be3 Nxc5 17.Nc3 Rd7 18.Nb5 Ne4 19.Rfc1 Nc6 20.Nfd4 Nxd4 21.Nxd4 Nf6 22.Qb3
{#r} 1-0

[Event "It (open)"]
[Site "masterchessopen.com Oberwart (Austria)"]
[Date "2012.07.07"]
[Round "1"]
[White "Schatzl Franz (AUT)"]
[Black "Radnetter Georg (AUT)"]
[Result "0-1"]
[WhiteElo "1987"]
[BlackElo "2285"]

1.c4 Nf6 2.d4 e6 3.Nf3 Bb4+ 4.Bd2 c5 5.Bxb4 cxb4 6.Nbd2 O-O 7.e4 d6 8.Bd3 Nc6
9.O-O e5 10.d5 Ne7 11.c5 Ng6 12.cxd6 Ne8 13.Nc4 Qf6 14.Qd2 Nxd6 15.Qxb4 Nxc4
16.Bxc4 Nf4 17.Rfe1 Nxg2 18.Kxg2 Bh3+ 19.Kxh3 Qxf3+ 20.Kh4 f6 {#R} 0-1

[Event "Ch Paris (open) (a)"]
[Site "masterchessopen.com Paris (France)"]
[Date "2012.07.08"]
[Round "2"]
[White "De Balmann Marc (FRA)"]
[Black "Abbas Talal (LIB)"]
[Result "0-1"]
[WhiteElo "1908"]
[BlackElo "2006"]

1.d4 Nf6 2.c4 e6 3.Nf3 Bb4+ 4.Bd2 Qe7 5.a3 Bxd2+ 6.Nbxd2 d6 7.e4 e5 8.d5 O-O
9.Be2 Nh5 10.O-O Nf4 11.Ne1 f5 12.f3 Qg5 13.Kh1 Rf6 14.exf5 Rh6 {#R} 0-1

[Event "It (open)"]
[Site "masterchessopen.com Saint-Affrique (France)"]
[Date "2012.07.21"]
[Round "1"]
[White "Maupin Gervais (FRA)"]
[Black "Riff Jean-Noel (FRA)"]
[Result "0-1"]
[WhiteElo "1718"]
[BlackElo "2500"]

1.d4 Nf6 2.c4 e6 3.Nf3 Bb4+ 4.Bd2 Qe7 5.Nc3 O-O 6.e3 d6 7.Bd3 e5 8.dxe5 dxe5
9.Ne4 Nbd7 10.Qb3 Nxe4 11.Bxe4 Bxd2+ 12.Nxd2 Nc5 13.Qc2 f5 14.Bf3 e4 15.Be2 f4
16.b4 fxe3 17.fxe3 Nd3+ 18.Bxd3 exd3 19.Qxd3 Bg4 20.Qd4 Rad8 21.Qc3 Qh4+ 22.g3
Qh3 23.c5 Qg2 24.Rf1 Qe2# 0-1

[Event "Ch Great Britain"]
[Site "masterchessopen.com North Shields (England)"]
[Date "2012.07.25"]
[Round "3"]
[White "Jain Radha (ENG)"]
[Black "Oswald Graeme (ENG)"]
[Result "1-0"]
[WhiteElo "1868"]
[BlackElo "2178"]

1.d4 Nf6 2.Nf3 e6 3.c4 Bb4+ 4.Bd2 a5 5.g3 d5 6.cxd5 exd5 7.Nc3 O-O 8.Bg2 c6
9.a3 Bd6 10.O-O Re8 11.Rc1 Bg4 12.Ne1 Qd7 13.Nd3 b5 14.Re1 Bh3 15.Bh1 Qf5
16.Bf4 Bxf4 17.Nxf4 Bg4 18.f3 g5 19.fxg4 Nxg4 20.e4 {#r} 1-0

[Event "It (open)"]
[Site "masterchessopen.com Vienna (Austria)"]
[Date "2012.08.18"]
[Round "6"]
[White "Beckhuis Gernod (GER)"]
[Black "Horvath Jozsef_ (HUN)"]
[Result "0-1"]
[WhiteElo "2288"]
[BlackElo "2531"]

1.d4 Nf6 2.c4 e6 3.Nf3 Bb4+ 4.Bd2 a5 5.g3 d6 6.Bg2 Nbd7 7.O-O e5 8.Bg5 exd4
9.Qxd4 O-O 10.Nc3 h6 11.Bd2 Re8 12.e3 Nc5 13.Nd5 Nxd5 14.Qxd5 c6 15.Qh5 Ne4
16.Bxb4 Nf6 17.Qh4 Re4 18.Ba3 Rxh4 19.Nxh4 Bg4 20.Rfd1 Bxd1 21.Rxd1 Ne8 22.Nf5
Qf6 23.Nxd6 Rd8 24.c5 b5 {#R} 0-1

[Event "It (open) (b)"]
[Site "masterchessopen.com Collado Villalba (Spain)"]
[Date "2012.08.25"]
[Round "2"]
[White "Minguela Munoz Bienvenido (ESP)"]
[Black "Tolosana Esteban Enrique (ESP)"]
[Result "1-0"]
[WhiteElo "1880"]
[BlackElo "1761"]

1.d4 Nf6 2.c4 e6 3.Nf3 Bb4+ 4.Bd2 Be7 5.Nc3 d5 6.Qc2 c6 7.e3 Nbd7 8.Bd3 dxc4
9.Bxc4 b6 10.e4 Bb7 11.e5 Nd5 12.O-O h6 13.Qe4 b5 14.Bxd5 cxd5 15.Qg4 Qb6
16.Qxg7 O-O-O 17.Qxf7 Bg5 18.Nxg5 hxg5 19.Be3 b4 20.Na4 Qb5 21.Nc5 Nf8
22.Qxb7+ Qxb7 23.Nxb7 Kxb7 24.Bxg5 Rd7 {#r} 1-0

[Event "Ch Germany (juniors) (Internet) (under 14) (qual2)"]
[Site "masterchessopen.com Internet"]
[Date "2012.09.05"]
[Round "6"]
[White "Peter Anton"]
[Black "Jahn Felix"]
[Result "1-0"]
[WhiteElo "1580"]
[BlackElo "1257"]

1.Nf3 Nf6 2.c4 e6 3.d4 Bb4+ 4.Bd2 Bxd2+ 5.Qxd2 O-O 6.Nc3 c6 7.e4 d5 8.e5 Ne8
9.c5 f6 10.Bd3 fxe5 11.Nxe5 Nf6 12.O-O Nbd7 13.f4 Nxe5 14.fxe5 Nd7 15.Qe2
Rxf1+ 16.Rxf1 b6 17.b4 b5 18.Qh5 h6 19.Qg6 Nf8 20.Qf7+ Kh8 21.Qxf8+ Qxf8
22.Rxf8# 1-0

[Event "It (open)"]
[Site "masterchessopen.com Tatranske Zruby (Slovakia)"]
[Date "2012.09.24"]
[Round "2"]
[White "Koci Ladislav (CZE)"]
[Black "Partys Petr (CZE)"]
[Result "1-0"]
[WhiteElo "1942"]
[BlackElo "2027"]

1.d4 Nf6 2.c4 e6 3.Nf3 Bb4+ 4.Bd2 Qe7 5.g3 Nc6 6.Bg2 Ne4 7.O-O O-O 8.Be3 Qf6
9.c5 Ba5 10.a3 d6 11.b4 dxc5 12.bxa5 cxd4 13.Bxd4 {#r} 1-0

[Event "It (cat.7)"]
[Site "masterchessopen.com Heviz (Hungary)"]
[Date "2012.09.30"]
[Round "8"]
[White "Popovics Adam (HUN)"]
[Black "Aswin Jayaram (IND)"]
[Result "0-1"]
[WhiteElo "2423"]
[BlackElo "2480"]

1.Nf3 Nf6 2.c4 e6 3.d4 Bb4+ 4.Bd2 a5 5.Nc3 b6 6.g3 Ba6 7.b3 d5 8.cxd5 exd5
9.Bg2 O-O 10.O-O Re8 11.Re1 Ne4 12.Nxe4 dxe4 13.Bxb4 axb4 14.Ne5 Bb7 15.Qd2
Rxe5 {#R} 0-1